00667nam a22001577a 4500003000800000005001700008008004100025040002100066082001600087110001900103245016400122260004000286300003200326504011200358650003900470BD-DhUL20180416103451.0180416s2011 nyu||||| |||| 00| 0 eng d aBD-DhULcBD-DhUL a330.95bUNC1 aUnited Nations10aCommittee on economic, social and cultural rights :breport on the forty-fourth and forty-fifth sessions (3-21 May 2010, 1-19 November 2010) /cUnited Nations. aNew York : bUnited Nations, c2011 aiv, 115 p. :bill. ;c30 cm a"Economic and social council, official records, 2011, supplement no. 2" Includes bibliographical references 0aEconomic situations and conditions